Statistiken für Regionen Frankreichs - Karten-Quiz

Klicken Sie hier um das Quiz zu spielen!

Allgemein

  • Dieses Quiz wurde 102 mal gespielt
  • Das Durchschnittsergebnis liegt bei 13 aus 18

Antworten auf der Karte

Die Antworten werden auf der Karte rot bzw. grün angezeigt, abhängig davon wie oft sie richtig erraten wurden.
 

Antwortstatistiken

Antwort% Korrekt
Corse/Korsika
94%
Bretagne
92%
Normandie
91%
Provence-Alpes-Côte d'Azur
84%
Grand Est
81%
Île-de-France
78%
Auvergne-Rhône-Alpes
75%
Guyane
75%
Centre-Val de Loire
70%
Occitanie
69%
Bourgogne-Franche-Comté
64%
Hauts-de-France
64%
La Réunion
61%
Guadeloupe
59%
Nouvelle-Aquitaine
53%
Martinique
50%
Pays de la Loire
50%
Mayotte
47%

Verteilung der Resultate

Perzentil nach korrekt beantworteten Fragen

Anzahl Personen mit jedem Resultat

Ihre Resultats-Entwicklung

Sie haben dieses Quiz noch nicht gespielt